Diseño y evaluación de la planificación educativa, con énfasis en planificación docente en el nivel básico del distrito educativo 16- 02 de Fantino, año 2005-2006 / Yosaira Núñez Velóz, Ruth E. Castillo Mejía y Ana Silvia Suárez ; asesor Acosta Padilla, Jaime Arismendi (Registro nro. 10013)

Detalles MARC
000 -LEADER
fixed length control field 01759nam a22003851a 4500
001 - CONTROL NUMBER
control field 10013
003 - CONTROL NUMBER IDENTIFIER
control field OSt
005 - DATE AND TIME OF LATEST TRANSACTION
control field 20260204212142.0
008 - FIXED-LENGTH DATA ELEMENTS--GENERAL INFORMATION
fixed length control field 070616s2006||||dr ||||||b||||||||||spa||
090 ## - LOCALLY ASSIGNED LC-TYPE CALL NUMBER (OCLC); LOCAL CALL NUMBER (RLIN)
Classification number (OCLC) (R) ; Classification number, CALL (RLIN) (NR) M-BQ 2006 N853
100 1# - ASIENTO PRINCIPAL -- NOMBRE PERSONAL
Personal name Núñez Veloz, Yosaira
Relator term sustentante
245 10 - TÍTULO PROPIAMENTE DICHO: SUBTÍTULO
Title Diseño y evaluación de la planificación educativa, con énfasis en planificación docente en el nivel básico del distrito educativo 16- 02 de Fantino, año 2005-2006 / Yosaira Núñez Velóz, Ruth E. Castillo Mejía y Ana Silvia Suárez ; asesor Acosta Padilla, Jaime Arismendi
260 ## - PUBLICATION, DISTRIBUTION, ETC.
Place of publication, distribution, etc. Cotuí, Republica Dominicana :
Name of publisher, distributor, etc. UTECO,
Date of publication, distribution, etc. 2006
300 ## - PHYSICAL DESCRIPTION
Extensión 160 páginas :
502 ## - THESIS NOTE
Dissertation note Monográfico (Educación, Mención Biología y Química)--Universidad Tecnológica del Cibao Oriental, 2006
504 ## - BIBLIOGRAPHY, ETC. NOTE
Bibliography, etc. note Incluye referencia bibliográfica e índice
650 #4 - ASIENTO SECUNDARIO DE MATERIA -- TERMINO TOPICO
Asiento secundario de materia Diseño y evaluación de la planificación educativa--Monográfico Educación Mención Biología y Química
700 1# - ASIENTO SECUNDARIO -- NOMBRE PERSONAL
Personal name Castillo Mejía, Ruth E.
700 1# - ASIENTO SECUNDARIO -- NOMBRE PERSONAL
Personal name Suarez, Ana Silvia
700 1# - ASIENTO SECUNDARIO -- NOMBRE PERSONAL
Personal name Sánchez P., Clarisa Alt.
700 1# - ASIENTO SECUNDARIO -- NOMBRE PERSONAL
Personal name Acosta Disla, Mariza
700 1# - ASIENTO SECUNDARIO -- NOMBRE PERSONAL
Personal name De La cruz, Maria Elena
700 1# - ASIENTO SECUNDARIO -- NOMBRE PERSONAL
Personal name Cruz P., Minerva Alt.
700 1# - ASIENTO SECUNDARIO -- NOMBRE PERSONAL
Personal name García, María Magdalena
700 1# - ASIENTO SECUNDARIO -- NOMBRE PERSONAL
Personal name José, María Altagracia
Relator term sustentante
700 1# - ASIENTO SECUNDARIO -- NOMBRE PERSONAL
Personal name Rosario Adames, Olinda
Relator term sustentante
700 1# - ASIENTO SECUNDARIO -- NOMBRE PERSONAL
Personal name Díaz Morillo, Gicerda
Relator term sustentante
700 1# - ASIENTO SECUNDARIO -- NOMBRE PERSONAL
Personal name Paula, Lucy María
Relator term sustentante
700 1# - ASIENTO SECUNDARIO -- NOMBRE PERSONAL
Personal name Castillo, Gladys Minerva
Relator term sustentante
700 1# - ASIENTO SECUNDARIO -- NOMBRE PERSONAL
Personal name Rosario, Miryan Josefina
Relator term sustentante
700 1# - ASIENTO SECUNDARIO -- NOMBRE PERSONAL
Personal name Mercedes Castillo, Ana
Relator term sustentante
700 1# - ASIENTO SECUNDARIO -- NOMBRE PERSONAL
Personal name Nuñez, Esclarecida
Relator term asesor
830 ## - ASIENTO SECUNDARIO DE SERIE - TÍTULO UNIFORME
Uniform title Tesis y disertaciones académicas (Universidad Tecnológica del Cibao Oriental)
942 ## - ADDED ENTRY ELEMENTS (KOHA)
Source of classification or shelving scheme Clasificación Local
Koha item type Tesis
Existencias
Withdrawn status Lost status Source of classification or shelving scheme Damaged status Not for loan Collection code Home library Current library Shelving location Date acquired Inventory number Total Checkouts Full call number Barcode Date last seen Copy number Price effective from Koha item type
    Clasificación Local   Préstamo Interno Trabajos de Grado e Investigación   Biblioteca UTECO En Estantería 09/09/2019 ET-2006-034   M-BQ 2006 N853 ET-2006-034 09/09/2019 Ej.1 09/09/2019 Tesis
© 2021 Derechos Reservados UTECO - Teléfono: +1 809-585-2291 - Correo electrónico: biblioteca@uteco.edu.do​  
Código postal 43000 ​​
Dirección: Avenida Universitaria No. 100, 
Cotuí, Provincia Sánchez Ramírez, República Dominicana - RNC: 404-00059-6